|
|
|
|
| LEADER |
00000nbm0a2200000 4500 |
| 001 |
214600 |
| 005 |
20231101225913.0 |
| 035 |
|
|
|a (RuTPU)RU\TPU\book\234474
|
| 035 |
|
|
|a RU\TPU\book\234472
|
| 090 |
|
|
|a 214600
|
| 100 |
|
|
|a 20120426j20120411k y0rusy50 ca
|
| 101 |
0 |
|
|a rus
|
| 102 |
|
|
|a RU
|
| 105 |
|
|
|a a m 001zy
|
| 200 |
1 |
|
|a Кремнеземы, модифицированные производными хромотроповой кислоты, и фитосорбенты для концентрирования при определении ионов металлов
|e диссертация на соискание ученой степени кандидата химических наук
|e спец. 02.00.02
|f О. В. Буйко
|g Сибирский федеральный университет (СФУ), Кафедра аналитической и органической химии ; Научно-исследовательский инженерный центр "Кристалл" ; науч. рук. В. Н. Лосев
|
| 210 |
|
|
|a Красноярск
|d 2012
|
| 215 |
|
|
|a 154 л.
|c ил.
|
| 300 |
|
|
|a Защищена 11.04.2012 г.
|
| 320 |
|
|
|a Библиогр.: с. 135-154 (166 назв.).
|
| 606 |
1 |
|
|a Сорбционное концентрирование
|2 stltpush
|3 (RuTPU)RU\TPU\subj\71392
|9 85327
|
| 610 |
1 |
|
|a металлы
|
| 610 |
1 |
|
|a металлические ионы
|
| 610 |
1 |
|
|a сорбенты
|
| 610 |
1 |
|
|a хромотроповая кислота
|
| 610 |
1 |
|
|a производные
|
| 610 |
1 |
|
|a применение
|
| 610 |
1 |
|
|a элементы
|
| 610 |
1 |
|
|a сорбционно-спектроскопическое определение
|
| 610 |
1 |
|
|a сорбционно-люминесцентное определение
|
| 610 |
1 |
|
|a сорбционно-фотометрические методы
|
| 610 |
1 |
|
|a сорбционно-атомно-эмиссионный метод
|
| 610 |
1 |
|
|a сорбционно-атомно-абсорбционный метод
|
| 610 |
1 |
|
|a диссертации
|
| 675 |
|
|
|a 544.723(04)
|v 3
|
| 686 |
|
|
|a 02.00.02
|2 oksvnk
|
| 700 |
|
1 |
|a Буйко
|b О. В.
|g Ольга Васильевна
|
| 702 |
|
1 |
|a Лосев
|b В. Н.
|g Владимир Николаевич
|4 727
|
| 712 |
0 |
2 |
|a Сибирский федеральный университет (СФУ)
|b Кафедра аналитической и органической химии
|c (Красноярск)
|2 stltpush
|3 (RuTPU)RU\TPU\col\11098
|
| 712 |
0 |
2 |
|a Научно-исследовательский инженерный центр "Кристалл"
|2 stltpush
|3 (RuTPU)RU\TPU\col\11174
|9 24982
|
| 801 |
|
1 |
|a RU
|b 63413507
|c 20120426
|
| 801 |
|
2 |
|a RU
|b 63413507
|c 20120515
|g RCR
|
| 942 |
|
|
|c BK
|